[Event "CHI-ch sf"]
[Site "Vina del Mar"]
[Date "2022.02.12"]
[Round "7"]
[White "Orrego Astudillo, Angelo"]
[Black "Ojeda Meneses, Pablo"]
[Result "1/2-1/2"]
[WhiteElo "1236"]
[BlackElo "1940"]
[PlyCount "138"]
[EventDate "2022.02.08"]
[EventType "swiss"]
[EventRounds "8"]
[EventCountry "CHI"]
[SourceTitle "CBM 207 Extra"]
[Source "ChessBase"]
[SourceDate "2022.05.31"]
[SourceVersion "1"]
[SourceVersionDate "2022.05.31"]
[SourceQuality "1"]

1. d4 Nf6 2. Nf3 g6 3. Bf4 Bg7 4. e3 d6 5. Be2 0-0 6. Nbd2 b6 7. 0-0 Bb7 8. c3 Nbd7 9. Bg3 Qe8 10. Re1 e5 11. Nb3 Ne4 12. Qc2 Nxg3 13. hxg3 Qe7 14. Rad1 f5 15. dxe5 dxe5 16. Nc1 Rae8 17. b4 Kh8 18. Nb3 Nf6 19. Nbd2 Ne4 20. Nxe4 Bxe4 21. Qa4 Rd8 22. Rxd8 Rxd8 23. Rd1 Rxd1+ 24. Qxd1 h6 25. Bc4 Kh7 26. Qb3 h5 27. Bg8+ Kh6 28. Qe6 Qd8 29. Bf7 Qf6 30. Kf1 Qxe6 31. Bxe6 Bd3+ 32. Ke1 e4 33. Nd4 c5 34. bxc5 bxc5 35. Ne2 Bxe2 36. Kxe2 Bxc3 37. Bd5 g5 38. Bf7 h4 39. gxh4 gxh4 40. f4 exf3+ 41. Kxf3 Kg5 42. Bc4 Kf6 43. e4 Ke5 44. exf5 Kxf5 45. Ke3 Be1 46. Kd3 Ke5 47. Ba6 Kd6 48. Bc4 Kc7 49. Bf7 Kb6 50. Kc4 Bf2 51. Be8 Ka5 52. Bd7 Kb6 53. Be8 Kc7 54. Bg6 Kd6 55. Bf7 Ke5 56. Be8 Kf4 57. Bc6 Kg3 58. Bd5 Kh2 59. Bc6 Kg3 60. Bd5 Kh2 61. Bc6 Kg1 62. Bd5 Kf1 63. Bc6 Ke2 64. Bd5 Kd2 65. Bc6 Kc2 66. a4 Kb2 67. Bd5 Ka3 68. Bc6 a5 69. Bd7 Kb2 1/2-1/2

[Event "CHI-ch sf"]
[Site "Vina del Mar"]
[Date "2022.02.10"]
[Round "3"]
[White "Orellana Rastello, Hugo"]
[Black "Orrego Astudillo, Angelo"]
[Result "1/2-1/2"]
[WhiteElo "1295"]
[BlackElo "1236"]
[PlyCount "80"]
[EventDate "2022.02.08"]
[EventType "swiss"]
[EventRounds "8"]
[EventCountry "CHI"]
[SourceTitle "CBM 207 Extra"]
[Source "ChessBase"]
[SourceDate "2022.05.31"]
[SourceVersion "1"]
[SourceVersionDate "2022.05.31"]
[SourceQuality "1"]

1. e4 c5 2. Nf3 d6 3. d4 cxd4 4. Nxd4 Nf6 5. Nc3 a6 6. Be3 e5 7. Nb3 Be6 8. f3 Be7 9. Qd2 0-0 10. 0-0-0 b5 11. g4 Nc6 12. h4 Qc7 13. g5 Nd7 14. Nd5 Bxd5 15. exd5 Nd8 16. Bd3 f5 17. gxf6 Bxf6 18. Qg2 Kh8 19. h5 Rf7 20. Rh3 Nb7 21. Rdh1 Rg8 22. Qg6 Nf8 23. Qg1 Qe7 24. Nd2 Qd7 25. Ne4 Qd8 26. Rg3 Nd7 27. Bg5 Ndc5 28. Nxc5 Bxg5+ 29. Rxg5 Nxc5 30. Bf5 Rgf8 31. b4 Rxf5 32. Rxf5 Rxf5 33. bxc5 dxc5 34. Qxc5 h6 35. d6 Qd7 36. Re1 Rxf3 37. Qxe5 Rf5 38. Qe2 Rf6 39. Qe7 Rf7 40. Qe5 Rf5 1/2-1/2

[Event "CHI-ch sf qual U1600"]
[Site "Vina del Mar"]
[Date "2019.12.28"]
[Round "1.3"]
[White "Orrego Astudillo, Angelo"]
[Black "Saavedra Garcia, Rodrigo"]
[Result "0-1"]
[WhiteElo "1193"]
[BlackElo "1590"]
[PlyCount "56"]
[EventDate "2019.12.28"]
[EventType "swiss"]
[EventRounds "5"]
[EventCountry "CHI"]
[SourceTitle "EXT 2024"]
[Source "ChessBase"]
[SourceDate "2023.10.10"]
[SourceVersion "1"]
[SourceVersionDate "2023.10.10"]
[SourceQuality "1"]

1. d4 d5 2. Bf4 Nc6 3. e3 g6 4. Nf3 Nf6 5. Nbd2 Bg7 6. Be2 0-0 7. 0-0 Nh5 8. Bg3 Nxg3 9. hxg3 e5 10. c3 e4 11. Ne1 Ne7 12. c4 c6 13. Rc1 a6 14. Bg4 f5 15. Be2 Kh8 16. cxd5 Nxd5 17. Bc4 Be6 18. b3 Rf6 19. Nc2 Nc3 20. Qe1 Nxa2 21. Nxe4 Bxc4 22. bxc4 fxe4 23. Ra1 Qg8 24. Rxa2 Qxc4 25. Qb4 Qxa2 26. Qxb7 Raf8 27. Nb4 Qb3 28. f4 h5 0-1